000 00383pam a2200169 a 4500
020 _a81-7167-278-7
_c
041 _h
082 _a641.5
100 _aVIJAY G.P.
_eAuthor
245 _aKERALA DELICACIES
_cVIJAY G.P.
_hTextual Documents
250 _a1st
260 _aBombay
_bRupa & Co
300 _a131
653 _afood Producation
700 _eCo-Author
930 _a2712
999 _c230111
_d230111